01510 2200565 4500001002100000005001500021035002500036008004100061020002200102040001700124082002000141084001800161100001200179245011500191260004200306300003800348650001200386650001800398700001900416700001600435850001200451007000300463090001800466250002000484041000800504990001800512990001800530990001800548990001800566990001800584990001800602990001800620990001800638990001800656990001800674990001800692990001800710990001800728990001800746990001800764990001800782990001800800990001800818990001800836990001800854990001800872990001800890990001800908990001800926INLIS00000000000812520190314013627 a0010-071500000000808150714r2014 jkia b 6 ind d a978-602-249-593-2 aYOPDYOGbind04223a741.5 DIA k aK 741.5 DIA k0 aDian K. aKomik cerita rakyat indonesia 3 :bKalimantan, Sulawesi /cDian K. dan Tehty Ezokanzo; Penyunting, Denis Agung3 aJakarta :bBhuana ilmu popular,c2014 a155 halaman :bilustrasi ;c24 cm 4aFolklor 4aKomik, Bacaan0 aTethy Ezokanzo0 aDenis Agung aYOPDYOGta aK 741.5 DIA k aCetakan pertama0 aind a18405-PD/B.15 a18406-PD/B.15 a18407-PD/B.15 a19262-PD/B.15 a19263-PD/B.15 a19264-PD/B.15 a19262-PD/B.15 a18405-PD/B.15 a18406-PD/B.15 a18407-PD/B.15 a19263-PD/B.15 a19264-PD/B.15 a19263-PD/B.15 a18405-PD/B.15 a18406-PD/B.15 a18407-PD/B.15 a19262-PD/B.15 a19264-PD/B.15 a19263-PD/B.15 a18405-PD/B.15 a18406-PD/B.15 a18407-PD/B.15 a19262-PD/B.15 a19264-PD/B.15